| 000 | 00444nam a2200145 i 4500 | ||
|---|---|---|---|
| 001 | 64258 | ||
| 003 | ES-MaACL | ||
| 005 | 20230906165102.0 | ||
| 007 | t| | ||
| 008 | 031223s1914 sp ||||1| spa d | ||
| 100 | 1 |
_aFlórez Posada, Juan. _951321 |
|
| 245 | 1 | 3 |
_aLa matemática en la ingeniería _b: conferencia en el Instituto de Ingenieros Civiles / _cJuan Flórez Posada. |
| 260 |
_aMadrid : _b[s.n.], _c1914. |
||
| 852 |
_aES-MaACL _jT-1410-F-3 |
||
| 999 |
_c64258 _d64258 |
||